banner koha

Restauração de áreas degradadas: a nucleação como base para incrementar os processos sucessionais (Registro n. 175050)

MARC details
000 -LÍDER
campo de controle de tamanho fixo 00862nas a2200289 4500
001 - NÚMERO DE CONTROLE
campo de controle BR0302835
003 - IDENTIFICADOR DO NÚMERO DE CONTROLE
campo de controle BR-BrBNA
005 - DATA E HORÁRIO DA ÚLTIMA TRANSAÇÃO
campo de controle 20231205103839.0
007 - CAMPO FIXO DE DESCRIÇÃO FÍSICA--INFORMAÇÃO GERAL
campo de controle de tamanho fixo ta
008 - CAMPO DE DADOS FIXOS--INFORMAÇÃO GERAL
campo de controle de tamanho fixo 230509b bl.|||p| |||| 00| 00por d
040 ## - FONTE DA CATALOGAÇÃO
Instituição da catalogação original BR-BrBNA
Idioma da catalogação por
Instituição que transcreveu o registro Biblioteca Nacional de Agricultura
041 ## - CÓDIGO DE IDIOMA
Código do idioma do texto/trilha sonora ou título diferente (En, Pt)
072 ## - CÓDIGO DE CATEGORIA DE ASSUNTO
Código de Categoria de Assunto P01
100 1# - ENTRADA PRINCIPAL--NOME PESSOAL
Nome pessoal Reis, A.
100 1# - ENTRADA PRINCIPAL--NOME PESSOAL
Nome pessoal Bechara, F.C.
100 1# - ENTRADA PRINCIPAL--NOME PESSOAL
Nome pessoal Espíndola, M.B. de
100 1# - ENTRADA PRINCIPAL--NOME PESSOAL
Nome pessoal Vieira, N.K.
100 1# - ENTRADA PRINCIPAL--NOME PESSOAL
Nome pessoal Souza, L.L. de
245 1# - TÍTULO
Título Restauração de áreas degradadas: a nucleação como base para incrementar os processos sucessionais
650 ## - ASSUNTO--TERMO TÓPICO
Cabeçalho tópico ou nome geográfico NATUREZA
650 ## - ASSUNTO--TERMO TÓPICO
Cabeçalho tópico ou nome geográfico CONSERVAÇÃO
650 ## - ASSUNTO--TERMO TÓPICO
Cabeçalho tópico ou nome geográfico BIODIVERSIDADE
650 ## - ASSUNTO--TERMO TÓPICO
Cabeçalho tópico ou nome geográfico VEGETAÇÃO
773 0# - ENTRADA ANALÍTICA
Título Natureza e Conservação (Brazil)
ISSN - International Standard Serial Number ISSN
Partes relacionadas (Apr 2003), v. 1(1) p. 28-36
Número de controle do registro BR0302835
909 ## -
-- 202311
-- Lúcia
-- 55
-- Lúcia Elande
942 ## - ELEMENTOS DE ENTRADA ADICIONADOS (KOHA)
Fonte da classificação ou esquema de arquivamento na estante Classificação AGRIS
Ocultar no OPAC Não
Tipo de material Koha Analítica
Exemplares
Situação do descarte Fonte da classificação ou esquema de arquivamento na estante Situação física Não pode ser emprestado Biblioteca de origem Biblioteca atual Localização na estante Enumeração do periódico / cronologia Total de empréstimos Data de último acesso Número do exemplar Tipo de material Koha Fonte de aquisição
  Classificação AGRIS   Consulta local Biblioteca Nacional de Agricultura - Binagri Biblioteca Nacional de Agricultura - Binagri   (Apr 2003), v. 1(1) p. 28-36   29/11/2023 01 Periódicos Portaria Interministerial nº 164/94

BINAGRI

Telefone: (61)3218-2567/2388/3357/2097 - binagri@agro.gov.br

Ministério da Agricultura e Pecuária , Esplanada dos Ministérios, Bloco D, Anexo B, Brasília/DF, CEP: 70.043-900